Personality classic theories and modern research (Record no. 110431)

MARC details
000 -LEADER
fixed length control field 00405nam a2200157Ia 4500
008 - FIXED-LENGTH DATA ELEMENTS--GENERAL INFORMATION
fixed length control field 230917s9999||||xx |||||||||||||| ||und||
040 ## - CATALOGING SOURCE
-- 102513
Original cataloging agency VIVEKANANDA LIBRARY
041 ## - Language
-- English
082 ## - DDC NUMBER
Classification number 158.1 F914P
100 ## - MAIN ENTRY--PERSONAL NAME
Personal name Friedman, Howard S
245 #0 - TITLE STATEMENT
Title Personality classic theories and modern research
250 ## - EDITION STATEMENT
Edition statement 2nd ed.
260 ## - PUBLICATION, DISTRIBUTION, ETC. (IMPRINT)
Place of publication, distribution, etc Delhi
Name of publisher, distributor, etc Pearson education
Date of publication, distribution, etc 2004
300 ## - PHYSICAL DESCRIPTION
Pages 584p p.
942 ## - ADDED ENTRY ELEMENTS (KOHA)
Koha item type Books
Holdings
Withdrawn status Lost status Damaged status Not for loan Location (home branch) Sublocation or collection (holding branch) Shelving location Date acquired Koha issues (times borrowed) Koha full call number Accession No. Koha date last seen Koha item type
        VIVEKANANDA LIBRARY VIVEKANANDA LIBRARY IMSAR Library 11/08/2004 1 158.1 F914P 197514 17/02/2026 Books
© Designed and Maintained by Vivekananda Library, MDU Rohtak